000
00313nam a22001457a 4500
008
221116b ||||| |||| 00| 0 eng d
020
_a
9780803615717
041
_a
eng
080
_a
616
082
_a
616 CAP
100
_a
14.2
101
_a
PAT
245
_a
PATHOPHYSIOLOGY
_c
CAPRIOTTI TH
942
_2
udc
_c
BK
999
_c
58910
_d
58910